000 01359nam0a22003611 4500
001 RU\INFOCOMM_322\NLR\5000097273
005 20250613104745.0
035 _a(NLR Aleph) 009513242
090 _a8779997
_c8779997
100 _a20121210d1987 |||y0rusy50 ca
101 0 _aeng
102 _aRU
105 _ay z |||||
200 1 _aˆThe ‰decays of orbitally excited hadrons
_fI. Yu. Kobzarev, B. V. Martemyanov, M. G. Schepkin
210 _aM.
_cAtominform
_d1987
215 _a15 с.
_cил.
_d20 см
225 1 _aPreprint
_fInst. of theoretical a. experimental physics
_vN 101
300 _aВ вып. дан.: Распады орбитально возбужденных адронов / И. Ю. Кобзарев и др.
320 _aБиблиогр.: с. 15
606 0 _aАдроны возбужденные
_xРаспад
_2nlr_sh1
620 _aМосква
686 _aВ382.145
_2rubbk
700 1 _9z01790
_aKobzarev
_bI. J.
_gIgor' Jur'evič
701 1 _9z02790
_aMartem'janov
_bB. V.
_gBoris Veniaminovič
701 1 _9z03790
_aŠčepkin
_bM. G.
_gMichail Germanovič
790 1 _9z01700
_aKobzarev
_bI. Yu.
_4070
790 1 _9z02701
_aMartemyanov
_bB. V.
_4070
790 1 _9z03701
_aSchepkin
_bM. G.
_4070
801 1 _aRU
_bNLR
_c20121210
801 0 _aRU
_bINFOCOMM
_gPSBO
852 _aNLR
_jФз01 Д-4/4874
942 _cBOOK
980 _aNB